000
00303nam a2200121Ia 4500
008
230312s9999||||xx |||||||||||||| ||und||
082
_a
612
_b
MAR-H
100
_a
Martin;Eric.W
245
0
_a
HUSA'Pharmaceutical Dispensing
300
_a
729
650
_a
Pharmacy
_v
Pharmaceutical Dispensing
942
_c
BK
999
_c
11109
_d
11109